Statistics for Johan Cruyff Quiz

Click here to take the quiz!

General Stats

  • This quiz has been taken 7 times
  • The average score is 10 of 16

Answer Stats

HintAnswer% Correct
How many clubs did Cruyff manage for?3
100%
How many clubs did Cruyff play for?8
100%
What club in Netherlands did Cruyff both play for and manage for?Ajax
100%
What club in Spain did Cruyff both play for and manage for?Barcelona
100%
He was a player and also a what?Manager
100%
How did Cruyff die?Cancer
83%
What country did he come from?Netherlands
83%
When was his first time winning the Ballon d’Or?1971
67%
What was his undoubtedly best year?1974
67%
What city was he born in?Amsterdam
67%
What year was he born?1947
50%
What year did he unfortunately pass away?2016
50%
What was his best tournament?1974 FIFA World Cup
17%
How many goals did Cruyff score?327
17%
How many appearances did Cruyff have?566
17%
What hospital was he in also when he was born?Burgerziekenhuis
17%

Score Distribution

Percentile by Number Answered

Percent of People with Each Score

Your Score History

You have not taken this quiz